000 00522nam a22001817a 4500
003 KOHA_MİRAKIL
005 20251218104901.0
008 251218b tu ||||| |||| 00| 0 tur d
020 _a9786054996063
040 _aTR-AnABB
_btur
_cTR-AnABB
041 _atur
082 _a720.9561015
_bKAH 2013
245 1 0 _aKahramanmaraş hanları, hamamları, medreseleri /
260 _aKahramanmaraş :
_bKahramanmaraş Belediyesi,
_c2013
300 _a224 sayfa ;
_c23 cm
650 0 4 _aOsmanlı mimarisi
942 _2ddc
_cBK
999 _c9763
_d9763
900 _bGizem YORULMAZ